Üstökös-ember, Mont-Blanc-ember Vajda János /

Elmentve itt :
Bibliográfiai részletek
Szerző: Cserjés Katalin
További közreműködők: Vajda János
Dokumentumtípus: Cikk
Megjelent: 1993
Sorozat:Tiszatáj 47 No. 7
Kulcsszavak:Magyar irodalom története - költészet - 19. sz. - életmű-elemzés, Vajda János
Online Access:http://tiszataj.bibl.u-szeged.hu/22968
LEADER 00704nab a2200193 i 4500
001 tisza22968
005 20200330153825.0
008 170209s1993 hu o 0|| hun d
022 |a 0133-1167 
040 |a SZTE Tiszatáj Archívum  |b hun 
041 |a hun 
100 1 |a Cserjés Katalin 
245 1 0 |a Üstökös-ember, Mont-Blanc-ember   |h [elektronikus dokumentum] :  |b Vajda János /  |c  Cserjés Katalin 
260 |c 1993 
300 |a 1-18 
490 0 |a Tiszatáj  |v 47 No. 7 
695 |a Magyar irodalom története - költészet - 19. sz. - életmű-elemzés, Vajda János 
700 0 1 |a Vajda János 
856 4 0 |u http://tiszataj.bibl.u-szeged.hu/22968/1/tiszataj_diakmelleklet_1993_007_001-018.pdf  |z Dokumentum-elérés